[Event "Subotica-ch op "]
[Site "Subotica"]
[Date "2007.03.05"]
[Round "7"]
[White "Tomik, Ferenc"]
[Black "Pajzer, Istvan"]
[Result "1/2-1/2"]
[WhiteElo "1900"]
[BlackElo "2181"]
[PlyCount "87"]
[EventDate "2007.02.19"]
[EventType "swiss"]
[EventRounds "9"]
[EventCountry "YUG"]
[SourceTitle "EXT 2008"]
[Source "ChessBase"]
[SourceDate "2007.11.25"]
[SourceVersion "1"]
[SourceVersionDate "2007.11.25"]
[SourceQuality "1"]

1. f4 d5 2. d4 Nf6 3. Nf3 Bf5 4. e3 e6 5. a3 Nbd7 6. Be2 c5 7. c3 Bd6 8. 0-0 0-0 9. Qe1 cxd4 10. exd4 Qc7 11. Nh4 Rae8 12. g3 Bh3 13. Ng2 Ne4 14. Nd2 f5 15. Nf3 h6 16. Bd2 Kh7 17. Ne5 Rf6 18. Rc1 g5 19. c4 Qd8 20. c5 Bb8 21. Bf3 Rg8 22. Bxe4 dxe4 23. Rf2 Bxg2 24. Rxg2 gxf4 25. Bxf4 Nxe5 26. dxe5 Rf7 27. Rd2 Rd7 28. Rxd7+ Qxd7 29. Rd1 Qe7 30. Qc3 Rd8 31. Rd4 Rd5 32. Rxd5 exd5 33. b4 a6 34. Kg2 Kg6 35. a4 Ba7 36. e6 Qf6 37. Qd2 d4 38. e7 Kf7 39. Bd6 Ke8 40. Qa2 Qf7 41. Qxf7+ Kxf7 42. a5 Ke8 43. Kf2 h5 44. h4 1/2-1/2